| 000 | 00631nam a2200217Ia 4500 | ||
|---|---|---|---|
| 005 | 20250508165257.0 | ||
| 008 | 008 250505s9999 xx 000 0 hin d | ||
| 020 | _a81-7487-136-5 | ||
| 037 | _aReference | ||
| 040 |
_aFEDL _beng _cFEDL |
||
| 041 |
_ahin _2eng |
||
| 084 |
_a001.422, PAT/RR _qFEDL |
||
| 100 |
_aPatthak R P _9780367 |
||
| 245 | 0 | _aShiksha mein anusandhan evam sankhiakee | |
| 260 |
_aNew Delhi, India _bKanishka Publishers _c2012 |
||
| 300 | _axiii, 302p. | ||
| 365 |
_aINR _b750 |
||
| 700 |
_a Bhardwaj Amita Pandey _9780368 |
||
| 942 |
_cREF _h001.422, PAT/RR |
||
| 999 |
_c1394195 _d1394195 |
||